000 00811nam a22002177b 4500
003 3228
005 20260618094017.0
008 240604b sa ||||| |||| 00| 0 eng d
020 _a9781770084520
_qHardcover (hbk)
040 _aRDA
_c3228
082 _aP/J 306.0968 VAND
100 _aVan der Wiel, Renee
245 _aThe Xhosa people/
_cRenee van der Wiel.
260 _aGallo Manor, South Africa:
_bAwareness Publishing;
_c2012.
300 _a88 pages.:
_bcolour illustrations;
_c26 cm.
490 _aAfrican cultures of South Africa.
_x9781770084513
650 _aXhosa (African people)
_vHistory
_xJuvenile literature
_9187004
650 _aXhosa (African people)
_vSocial and customs
_xJuvenile literature
_9187005
650 _aXhosa (African people)
_xrites and ceremonies
_9187007
942 _2ddc
_cBOOK
_y174
_zSanet Schoeman
999 _c757311
_d757310